Регионална библиотека "Любен Каравелов" - Русе

Окръжна отчетно-изборна конференция, първа (Запис номер 446980)

MARC детайли
000 -Лидер
Контролно поле с фиксирана дължина 01080nam a2200313 a 4500
003 - Код на организацията, давaща контролен номер
Контролно поле BLK
005 - Дата и час на последна редакция
Контролно поле 20230808085125.0
008 - Елементи от данни с фиксирана дължина
fixed length control field 180408b bul|||||r ||||||| ||bul||
040 ## - Източник на каталожния запис
Идентификатор на билиотеката - собственик на записа BLK
041 ## - Код за език
Код за езика на текст/звукозапис или на отделно заглавие Български
Код за езика КДБФ Български
080 ## - УДК
Текстов определител УДК Футбол
УДК код - определител по УДК 796.332
УДК определител :061.25(497.2)(062)
УДК - код + определител 796.332:061.25(497.2)(062)
139 ## - Редно поле
Редна дума Окръжна отчетно-изборна конференция, първа
Авторски знак Окр - О 47
245 10 - Сведения за заглавието
Заглавие Окръжна отчетно-изборна конференция, първа
Подзаглавни данни Предложение за дневен ред, регламент и помощни органи
257 ## - Страна на издаване
Страна на създаване/издаване България
260 ## - Област на издателските данни
Място на издаване, разпространение и проч. Русе
Година на издаване 1987
300 ## - Физическа характеристика
Страници 7 с.
Размери/Мащаб 20 см
380 ## - Жанр
Жанр 793/799 Спорт
500 ## - Общи забележки
Забележка Изд. на БФС и Окр. съвет Русе
653 ## - Ключова дума – ненормативна
Ключова дума футбол
653 #0 - Ключова дума – ненормативна
Ключова дума програма
9 (RLIN) 471146
653 #7 - Ключова дума – ненормативна
Ключова дума областна конференция
9 (RLIN) 192521
852 ## - Местоположение
Фондова буква Краезнание
Систематично-азбучна сигнатура К 796/799/О 47
856 4# - Електронен адрес и достъп
Електронен формат pdf - файл
856 4# - Електронен адрес и достъп
Електронен формат pdf - файл
999 ## - СИСТЕМНИ КОНТРОЛНИ НОМЕРА
Koha biblionumber 446980
Koha biblioitemnumber 446980
942 ## - АРТИКУЛИ
Вид на библиотечния материал Книги
Скрит в OPAC Не
Периодичен библиозапис Да
Koha issues (borrowed), all copies 1
944 ## - СЪЗДАВАНЕ И РЕДАКЦИЯ на ЗАПИСА
Създаване/Редакция Създаване
Дата на регистрацията/редакция 2022-03-02
Служител, извършил регистрацията/редакцията 30570
Статус, дата на статуса Моника Янева
999 ## - СИСТЕМНИ КОНТРОЛНИ НОМЕРА
Koha biblioitemnumber 446980
999 ## - СИСТЕМНИ КОНТРОЛНИ НОМЕРА
Koha biblioitemnumber 446980
Наличности
Код за отписване Код за изгубен артикул Източник на класификационната схема Код за повреда Коз за рестрикции Код за отдаване Артикулен № Име на библиотеката - собственик Име на библиотеката, в която се намира в момента Статус (Текущо местоположение) Дата на вписване в системата Местоположение - отдел Цена в лева Систематично азбучна сигнатура Баркод Цена в евро Служебен тип на артикула
  Не е изгубен Universal Decimal Classification Не е повреден само за читалня ползва се в читалня 874705 Регионална библиотека "Любен Каравелов" Русе Регионална библиотека "Любен Каравелов" Русе Краезнание 2022-03-10 Краезнание 2.00 К 796/799/О 47 120000867803 1.02 Книги
Vip Innovations Ltd, Rousse, Bulgaria 2025